000 00661nam a2200229 i 4500
001 C2-0225212
003 PPAK
005 20180728153502.0
008 000604s1985 io |||| ||||| | may d
040 _aPPAK
_beng
_cPPAK
_erda
082 0 4 _a899.23
_223
090 0 0 _a899.23
_bALI
_dKSA
100 1 _aAlisjahbana, Takdir S.,
_eauthor
245 1 0 _aSeni dan sastera di tengah-tengah pergolakan masyarakat dan kebudayaan
264 1 _aJakarta, Indonesia :
_bP.T. Dian Rakyat ,
_c1985
300 _a175 pages ;
_c21 cm
336 _2rdacontent
_atext
337 _2rdamedia
_aunmediated
338 _2rdacarrier
_avolume
650 1 0 _aArts
942 _ddc
_cB
999 _c145944
_d145944